|
|
|
|
| LEADER |
00000nam0a2200000 4500 |
| 001 |
256853 |
| 005 |
20231101233142.0 |
| 010 |
|
|
|a 9785699693948
|
| 035 |
|
|
|a (RuTPU)RU\TPU\book\279596
|
| 090 |
|
|
|a 256853
|
| 100 |
|
|
|a 20140411d2014 m y0rusy50 ca
|
| 101 |
0 |
|
|a rus
|
| 102 |
|
|
|a RU
|
| 105 |
|
|
|a a z 001zy
|
| 200 |
1 |
|
|a 1000 лучших мест планеты
|f под ред. О. Усольцевой
|
| 210 |
|
|
|a Москва
|c Эксмо
|d 2014
|
| 215 |
|
|
|a 648 с.
|c ил.
|
| 225 |
1 |
|
|a Подарочные издания. Туризм
|
| 320 |
|
|
|a Алфавитный указатель: с. 646-648.
|
| 330 |
|
|
|a Представьте, что у вас есть возможность подняться на вершину Швейцарских Альп, полюбоваться на бескрайние поля цветущих тюльпанов в Нидерландах, посетить Тадж-Махал и побывать в жаркой Африке. И при этом нет необходимости собираться в дальнюю дорогу… С помощью этого коллекционного издания вы сможете познакомиться с удивительными уголками Земли, раскрыть тайны чудес природы и осмотреть самые знаменитые достопримечательности. Книга с высокохудожественными иллюстрациями и эксклюзивным оформлением в подарочной коробке станет лучшим подарком для тех, кто очарован красотой нашей планеты.
|
| 606 |
1 |
|
|a Путешествия
|2 stltpush
|3 (RuTPU)RU\TPU\subj\53234
|9 71554
|
| 610 |
1 |
|
|a география
|
| 610 |
1 |
|
|a страны мира
|
| 610 |
1 |
|
|a памятники архитектуры
|
| 610 |
1 |
|
|a памятники культуры
|
| 610 |
1 |
|
|a памятники природы
|
| 610 |
1 |
|
|a туризм
|
| 675 |
|
|
|a 910.4
|v 3
|
| 702 |
|
1 |
|a Усольцева
|b О.
|4 340
|
| 801 |
|
1 |
|a RU
|b 63413507
|c 20140411
|
| 801 |
|
2 |
|a RU
|b 63413507
|c 20140710
|g RCR
|
| 942 |
|
|
|c BK
|
| 959 |
|
|
|a 68/20140410
|d 1
|e 2677,40
|